000 02161nam a2200313Ii 4500
008 221202s xx 000 0 und d
245 0 _aCoronavirus Politics
246 _aThe Comparative Politics and Policy of COVID-19
264 _bUniversity of Michigan Press
_c2021
300 _a1 online resource (663 pages)
336 _atext
_btxt
_2rdacontent
337 _acomputer
_bc
_2rdamedia
338 _aonline resource
_bcr
_2rdacarrier
520 _aCOVID-19 is the most significant global crisis of any of our lifetimes. The numbers have been stupefying, whether of infection and mortality, the scale of public health measures, or the economic consequences of shutdown. <i>Coronavirus Politics</i> identifies key threads in the global comparative discussion that continue to shed light on COVID-19 and shape debates about what it means for scholarship in health and comparative politics. Editors Scott L. Greer, Elizabeth J. King, Elize Massard da Fonseca, and André Peralta-Santos bring together over 30 authors versed in politics and the health issues in order to understand the health policy decisions, the public health interventions, the social policy decisions, their interactions, and the reasons. The book’s coverage is global, with a wide range of key and exemplary countries, and contains a mixture of comparative, thematic, and templated country studies. All go beyond reporting and monitoring to develop explanations that draw on the authors' expertise while engaging in structured conversations across the book.
653 _aComparative Politics And Policy
653 _aCovid-19
700 1 _a0000-0002-1390-2076
700 1 _a0000-0002-1922-4683
700 1 _a0000-0003-3847-3105
700 1 _a600
700 1 _a600
700 1 _a600
700 1 _aGreer, Scott L
700 1 _aKing, Elizabeth
700 1 _aMassard da Fonseca, Elize
700 1 _aPeralta-Santos, André
856 _uhttps://library.oapen.org/bitstream/20.500.12657/48284/1/9780472902460.pdfhttps://cdcshoppingcart.uchicago.edu/Cart2/ChicagoBook.aspx?ISBN=9780472038626&press=umichhttps://library.oapen.org/handle/20.500.12657/48284
942 _cE-BOOK
999 _c61556
_d61556